Hướng dẫn sử dụng y học cổ truyền trong chăm sóc sức khỏe cộng đồng : Tài liệu dành cho cán bộ y tế cơ sở
Sách khái quát một số lý luận cơ bản của y học cổ truyền, các phương pháp chữa bệnh của y học cổ truyền, ứng dụng y học cổ truyền trong chăm sóc và điều trị một số bệnh thường gập tại cộng đồng....
Na minha lista:
| Autor principal: | |
|---|---|
| Outros Autores: | , |
| Formato: | Livro |
| Idioma: | Vietnamese |
| Publicado em: |
H.
Y học
2016
|
| Assuntos: | |
| Tags: |
Adicionar Tag
Sem tags, seja o primeiro a adicionar uma tag!
|
| Thư viện lưu trữ: | Thư viện Trường Đại học Nam Cần Thơ |
|---|
| LEADER | 01967nam a22002657a 4500 | ||
|---|---|---|---|
| 001 | NCT_75527 | ||
| 008 | 200224b xxu||||| |||| 00| 0 vie d | ||
| 999 | |c 3682 |d 3682 | ||
| 020 | |a 9786046620006 |c 175000 | ||
| 082 | 0 | 4 | |2 23rd ed. |a 615.88 |b Ph561 |
| 100 | 1 | |a Đỗ Thị Phương |e Chủ biên | |
| 245 | 1 | 0 | |a Hướng dẫn sử dụng y học cổ truyền trong chăm sóc sức khỏe cộng đồng : |b Tài liệu dành cho cán bộ y tế cơ sở |c Đỗ Thị Phương (chủ biên) ; Lê Thị Hiền, Lê Thành Xuân, ....(biên soạn) |
| 260 | |a H. |b Y học |c 2016 | ||
| 300 | |a 379 tr. |c 27cm | ||
| 500 | |a ĐTTS ghi: Trường Đại học Y Hà Nội. Khoa Y học cổ truyền | ||
| 520 | 3 | |a Sách khái quát một số lý luận cơ bản của y học cổ truyền, các phương pháp chữa bệnh của y học cổ truyền, ứng dụng y học cổ truyền trong chăm sóc và điều trị một số bệnh thường gập tại cộng đồng. | |
| 653 | |a Dược học | ||
| 700 | 1 | |a Lê Thị Hiền |e Biên soạn | |
| 700 | 1 | |a Lê Thành Xuân |e Biên soạn | |
| 942 | |2 ddc |c BK | ||
| 952 | |0 0 |1 0 |2 ddc |4 0 |6 615_880000000000000_PH561 |7 0 |9 18869 |a 000001 |b 000001 |d 2020-02-24 |l 1 |o 615.88 Ph561 |p MD.16440 |r 2020-03-27 |s 2020-03-19 |v 175000.00 |w 2020-02-24 |y BK | ||
| 952 | |0 0 |1 0 |2 ddc |4 0 |6 615_880000000000000_PH561 |7 0 |9 18870 |a 000001 |b 000001 |d 2020-02-24 |l 2 |o 615.88 Ph561 |p MD.16441 |r 2020-05-04 |s 2020-03-24 |v 175000.00 |w 2020-02-24 |y BK | ||
| 952 | |0 0 |1 0 |2 ddc |4 0 |6 615_880000000000000_PH561 |7 0 |9 18871 |a 000001 |b 000001 |d 2020-02-24 |l 1 |o 615.88 Ph561 |p MD.16442 |r 2020-05-22 |s 2020-03-24 |v 175000.00 |w 2020-02-24 |y BK | ||
| 952 | |0 0 |1 0 |2 ddc |4 0 |6 615_880000000000000_PH561 |7 0 |9 18872 |a 000001 |b 000001 |d 2020-02-24 |o 615.88 Ph561 |p MD.16443 |r 2020-02-24 |v 175000.00 |w 2020-02-24 |y BK | ||
| 980 | |a Thư viện Trường Đại học Nam Cần Thơ | ||


